Statistics for World Capitals By Letter - T

Click here to take the quiz!

General Stats

  • This quiz has been taken 21,805 times
    (20,782 since last reset)
  • The average score is 7 of 11

Answer Stats

Country Capital City % Correct
JapanTokyo
79%
EstoniaTallinn
77%
IranTehran
75%
AlbaniaTirana
66%
TaiwanTaipei
65%
UzbekistanTashkent
63%
TunisiaTunis
63%
GeorgiaTbilisi
58%
HondurasTegucigalpa
56%
LibyaTripoli
52%
BhutanThimphu
44%

Score Distribution

Percentile by Number Answered

Percent of People with Each Score

Your Score History

You have not taken this quiz since the last reset